Polyfunkčný objekt s prevládajúcou funkciou bývania v Bratislave - Petržalke

Na minha lista:
Detalhes bibliográficos
Autor principal: Križánek, Jaroslav (Author)
Outros Autores: Puškár, Branislav (Thesis advisor)
Formato: Manuscrito Livro
Idioma:eslovaco
Publicado em: Bratislava 2020
Assuntos:
Acesso em linha:http://is.stuba.sk/zp/portal_zp.pl?podrobnosti=152912
Tags: Adicionar Tag
Sem tags, seja o primeiro a adicionar uma tag!

MARC

LEADER 00000ntm a22000003a 4500
001 stuzp78702
003 SK-STU
005 20200818070051.9
007 ta
008 150427s2015----xo-----f-mn---000-0-slo-d
040 |a STU  |b slo 
041 0 |a slo 
100 1 |a Križánek, Jaroslav  |u 051110  |4 aut  |U FAD Fakulta architektúry  |T FA Ústav architektúry obytných budov  |X 77193  |U A1110  |Y 392  |7 77193 
242 0 1 |a Multifunctional Building with Prevailing Housing Function in Bratislava - Petržalka  |y eng 
245 1 0 |a Polyfunkčný objekt s prevládajúcou funkciou bývania v Bratislave - Petržalke 
260 |c 2020  |a Bratislava 
650 4 |a Bratislava  |2 slo 
650 4 |a : polyfunkčný bytový dom  |2 slo 
650 4 |a osemuholníková štruktúra  |2 slo 
650 4 |a bytový dom  |2 slo 
650 4 |a Petržalka  |2 slo 
650 4 |a multifunctional building  |2 eng 
650 4 |a octagon structure  |2 eng 
650 4 |a residential building  |2 eng 
650 4 |a Bratislava  |2 eng 
650 4 |a Petržalka  |2 eng 
700 1 |a Puškár, Branislav  |u 051110  |k Z1  |4 ths  |U FAD Fakulta architektúry  |T FA Ústav architektúry obytných budov  |X 5199  |U A1110  |Y 392  |7 A000005199 
856 4 |u http://is.stuba.sk/zp/portal_zp.pl?podrobnosti=152912  |u https://opac.crzp.sk/?fn=detailBiblioForm&sid=2DE4D0DBB221E90D118FFDBEC259